Vyhodnotenie známky UNESCO a jej pridanej hodnoty na Slovensku
| Main Authors: | , , , |
|---|---|
| Corporate Author: | |
| Format: | Conference Proceeding Software eBook |
| Language: | Slovak English |
| PhysicalDescription: | 1 elektronický optický disk (CD-ROM) fareb. 12 cm |
| Published: |
Bratislava
Via Cultura, Inštitút pre kultúrnu politiku
2016
|
| ISBN: | 9788097256210 9788097256234 |
| Edition: | Poradie vydania: 1. |
| Subjects: |
MARC
| LEADER | 00000nam a2200000 a 4500 | ||
|---|---|---|---|
| 001 | vtls011627935 | ||
| 003 | SK-MaSNL | ||
| 005 | 20260426012845.0 | ||
| 007 | co cg auuua | ||
| 008 | 180123s2016 xo | fsn 100 0dslo | ||
| 015 | |a SNBS2018 | ||
| 020 | |a 9788097256210 |q (elektronická kniha) | ||
| 020 | |a 9788097256234 |q (elektronická kniha) | ||
| 040 | |a SNK |b slo |c SNK |e AACR2 | ||
| 041 | 0 | |a slo | |
| 041 | 0 | |a slo |a eng | |
| 043 | |a e-xo--- | ||
| 044 | |a xo |c SK | ||
| 072 | 7 | |a 304 |x Kultúrna politika |2 konspekt | |
| 080 | |a 304.2/.4 |2 2011 | ||
| 080 | |a 930.85 |2 2011 | ||
| 080 | |a 904 |2 2011 | ||
| 080 | |a 502.21(1-751.4) |2 2011 | ||
| 080 | |a 351.853 |2 2011 | ||
| 080 | |a (437.6) |2 2011 | ||
| 080 | |a (048.8) |2 2011 | ||
| 080 | |a (0.034.44) |2 2011 | ||
| 080 | |a (062.534) |2 2011 | ||
| 100 | 1 | |a Vášáryová, Magda, |d 1948- |4 aut |4 com |9 98613 | |
| 245 | 1 | 0 | |a Vyhodnotenie známky UNESCO a jej pridanej hodnoty na Slovensku |h elektronický zdroj |c autori: Magdaléna Vášáryová, Jana Javorská, Martin Katuščák. Živá kultúra a pamiatky : zborník príspevkov z konferencie Pochovaní pod pamiatkami autori / Ján Beljak ... [et al.] ; zostavili: Magdaléna Vášáryová, Martin Katuščák, Jana Javorská |
| 246 | 3 | 3 | |a Living Culture and Heritage |b proceedings of the Conference "Buried under the heritage" |
| 250 | |a Poradie vydania: 1. | ||
| 260 | |a Bratislava |b Via Cultura, Inštitút pre kultúrnu politiku |c 2016 | ||
| 300 | |a 1 elektronický optický disk (CD-ROM) |b fareb. |c 12 cm | ||
| 500 | |a CD obsahuje 2 publikácie | ||
| 500 | |a Biografické údaje | ||
| 500 | |a Názvy z titulných obrazoviek | ||
| 504 | |a Bibliografické odkazy | ||
| 516 | |a Textový dokument, súbory vo formáte pdf | ||
| 538 | |a Technické požiadavky: PDF prehliadač | ||
| 546 | |a Súbežný text v angličtine (2. dokument) | ||
| 610 | 2 | 7 | |a UNESCO |2 SNKKA |9 29699 |
| 650 | 0 | 7 | |a kultúrna politika |2 SNKPH |9 66926 |
| 650 | 0 | 7 | |a kultúrne dedičstvo |2 SNKPH |9 4195 |
| 650 | 0 | 7 | |a kultúrne pamiatky |2 SNKPH |9 2862 |
| 650 | 0 | 7 | |a prírodné pamiatky |2 SNKPH |9 3807 |
| 650 | 0 | 7 | |a ochrana pamiatok |2 SNKPH |9 29625 |
| 650 | 0 | 7 | |a Cultural policy |2 SNKPHeng |9 315195 |
| 650 | 0 | 7 | |a Cultural heritage |2 SNKPHeng |9 265420 |
| 650 | 0 | 7 | |a Cultural monuments |2 SNKPHeng |9 266481 |
| 650 | 0 | 7 | |a Natural monuments |2 SNKPHeng |9 267900 |
| 650 | 0 | 7 | |a Protection of monuments |2 SNKPHeng |9 267364 |
| 651 | 7 | |a Slovensko |2 SNKPH |9 14231 | |
| 651 | 7 | |a Slovakia |2 SNKPHeng |9 92630 | |
| 655 | 7 | |a elektronické zdroje |2 SNKPH |9 90954 | |
| 655 | 7 | |a CD-ROM |2 SNKPH |9 70236 | |
| 655 | 7 | |a štúdie |2 SNKPH |9 57033 | |
| 655 | 7 | |a zborníky konferencií |2 SNKPH |9 70153 | |
| 655 | 7 | |a Electronic resources |2 SNKPHeng |9 175546 | |
| 655 | 7 | |a Studies |2 SNKPHeng |9 265573 | |
| 655 | 7 | |a Proceedings of conferences |2 SNKPHeng |9 265791 | |
| 700 | 1 | |a Katuščák, Martin, |d 1978- |4 aut |4 com |9 26555 | |
| 700 | 1 | |a Javorská, Jana |4 aut |4 com |9 426803 | |
| 700 | 1 | |a Beljak, Ján, |d 1979- |4 aut |4 com |9 69311 | |
| 711 | 2 | |a Pochovaní pod pamiatkami |d (2016 : |c Bratislava, Slovensko) |9 710462 | |
| 740 | 0 | 2 | |a Živá kultúra a pamiatky : zborník príspevkov z konferencie Pochovaní pod pamiatkami |
| 919 | |a 978-80-972562-1-0 | ||
| 919 | |a 978-80-972562-3-4 | ||
| 958 | |a NB | ||
| 999 | |c 1107652 |d 1109582 | ||
| 952 | |a SNK |b SNK |y PREZ |7 0 |p 17A1258102 |o snkSCDM 9272 |i snk2017/10451 |8 0 |0 0 |1 0 |4 0 |d 2017-05-09 |l 0 |r 2026-02-24 17:50:47 |w 2026-02-24 | ||


